Mobilizing Appropriate Technology: Papers on Planning Aid Programmes. (Record no. 662)

MARC details
005 - DATE AND TIME OF LATEST TRANSACTION
control field 20250314152937.0
020 ## - INTERNATIONAL STANDARD BOOK NUMBER
International Standard Book Number 1 85339 045 3
082 ## - DEWEY DECIMAL CLASSIFICATION NUMBER
Classification number 338.927 VET
245 ## - TITLE STATEMENT
Title Mobilizing Appropriate Technology: Papers on Planning Aid Programmes.
260 ## - PUBLICATION, DISTRIBUTION, ETC.
Place of publication, distribution, etc. London.
Name of publisher, distributor, etc. Southampton Row,
Date of publication, distribution, etc. 1988.
300 ## - PHYSICAL DESCRIPTION
Extent xi,112p.:Ill.;figures, table.
Other physical details References.
Dimensions 22cm.
700 ## - ADDED ENTRY--PERSONAL NAME
Other authors/Editors MATTHEW,S. GAMSER.
942 ## - ADDED ENTRY ELEMENTS (KOHA)
Source of classification or shelving scheme Dewey Decimal Classification
Koha item type Books
Holdings
Date last seen Total checkouts Full call number Barcode Price effective from Koha item type Lost status Source of classification or shelving scheme Damaged status Not for loan Withdrawn status Home library Current library Shelving location Date acquired Cost, normal purchase price
03/14/2025   338.927 VET 0000002633 03/14/2025 Books   Dewey Decimal Classification       College of Business Education Main Library College of Business Education Main Library General Collection 03/14/2025 8000.00
03/14/2025   338.927 VET 0000002634 03/14/2025 Books   Dewey Decimal Classification       College of Business Education Main Library College of Business Education Main Library General Collection 03/14/2025 8000.00
03/14/2025   338.927 VET 0000002635 03/14/2025 Books   Dewey Decimal Classification       College of Business Education Main Library College of Business Education Main Library General Collection 03/14/2025 8000.00